Central Library OPAC University of Rajshahi

روضة الورد [گلستان] ;; Rawdat alward [gulistan] / (Record no. 78407)

MARC details
000 -LEADER
fixed length control field 00907aaa a2200253 a 4500
001 - CONTROL NUMBER
control field 78407
003 - CONTROL NUMBER IDENTIFIER
rucl marc code BD-RjUL
005 - DATE AND TIME OF LATEST TRANSACTION
control field 20211209083127.0
008 - FIXED-LENGTH DATA ELEMENTS--GENERAL INFORMATION
fixed length control field 210919s20041425ir ||||| |||| 001 e eng d
020 ## - INTERNATIONAL STANDARD BOOK NUMBER
International Standard Book Number 964824118X
035 ## - SYSTEM CONTROL NUMBER
System control number (BD-RjUL)78633
040 ## - CATALOGING SOURCE
Original cataloging agency BD-RjUL
Language of cataloging eng
Transcribing agency BD-RjUL
041 ## - LANGUAGE CODE
Language code of text/sound track or separate title ara
082 ## - DEWEY DECIMAL CLASSIFICATION NUMBER
Edition number 23
Classification number 891.55
Author mark and year SAR 2004
100 1# - MAIN ENTRY--PERSONAL NAME
Personal name سعدي, الشيرازي ;; Saʻdī.; Shiraji
9 (RLIN) 248125
245 10 - TITLE STATEMENT
Title روضة الورد [گلستان] ;; Rawdat alward [gulistan] /
Statement of responsibility, etc. سعدى الشيرازي ;; Saada Shirazi ; ترجمه محمد الفراتى ;; Muhammad Al-Furati
260 ## - PUBLICATION, DISTRIBUTION, ETC. (IMPRINT)
Place of publication, distribution, etc. تهران :
Name of publisher, distributor, etc. فرهنگ مشرق زمین ,
Date of publication, distribution, etc. 2004
Place of publication, distribution, etc. Tehran :
Name of publisher, distributor, etc. Farhang Mashriq, ,
Date of publication, distribution, etc. 2004
300 ## - PHYSICAL DESCRIPTION
Pagination 344 p. ;
Size 16 cm
650 ## - SUBJECT ADDED ENTRY--TOPICAL TERM
Topical term or geographic name as entry element نثر فارسي
9 (RLIN) 248126
Topical term or geographic name as entry element Persian prose
9 (RLIN) 248127
700 ## - ADDED ENTRY--PERSONAL NAME
Personal name ترجمه, الفراتي, محمد
942 ## - ADDED ENTRY ELEMENTS (KOHA)
Source of classification or shelving scheme Dewey Decimal Classification
Koha item type Books
Holdings
Lost status Source of classification or shelving scheme Damaged status Not for loan Collection code Permanent Location Current Location Shelving location Date acquired Source of acquisition Cost, normal purchase price Total Checkouts Full call number Date last seen Copy number Koha item type
  Dewey Decimal Classification   Not For Loan Non-fiction Central Library, University of Rajshahi Central Library, University of Rajshahi Reading Room 11/07/2007 Paragon International , Dhaka 10.00   A 891.55 SAR 2004 19/09/2021 C-1 Books